00965pac a2200289 ia4500001001400000003000400014005001700018008004100035015001400076020002300090020003800113040002900151082001700180100003400197245005800231264005400289264001100343300006700354336002100421337002500442338002300467490003800490500003700528650002800565650004400593830003800637vtls000886871PNM20211109122230.0190927t20212021my ao j 000 0 may  aM21-04747 a9789672157373qset a9789672157427qpaperbackcRM28.75 aBNMbengcBNMerdadPPAK04a499.23862230 aMunazar Abdul Rahim,eauthor.1 aElemen Estetika Dalam Kesenian /cMunazar Abdul Rahim 1aSeri Kembangan, Selangor :bPustaka Kelisa,c2021 4c©2021 a40 pages :bcolour illustrations, colour photographs ;c26 cm. atext2rdacontent aunmediated2rdamedia avolume2rdacarrier1 aFalsafah Dan Estetika Karya Agung aIncludes questions and exercises10aMalay languagevReaders20aMalay literaturexHistory and criticism 0aFalsafah dan estetika karya agung